000 00503nam a22001577a 4500
008 130821s1923 fr gr spa
040 _aCo-BoUCM
_bspa
041 0 0 _aspa
100 _aMontalvo, Juan
_92374
245 0 0 _aSiete tratados
_cPor Juan Montalvo
260 _aParís (Francia)
_bCasa Editorial de Garnier Hermanos
_c1923
300 _a2volúmenes
650 0 4 _aLiteratura ecuatoriana
_918645
942 _cLIBRO
_a18
_e1
_mM65
_n0
_2DEWEY
_h864.5
999 _c87059
_d87059